Ergonomické využití algoritmizace činnosti dispečerů při projektování řídících panelů

Bibliographic Details
Main Authors: Matoušek, Oldřich (Author), Zastávka, Zdeněk (Author)
Format: Article
Language:Czech

MARC

LEADER 00000nab a2200000uu 4500
001 vtls011158142
003 SK-MaSNL
005 20260303104459.0
008 230121|1977 xo |||||||||||||||||cze|
015 |a SNBRB 
035 |a (urnnbn)urn:nbn:sk:snk:ar-a0amq0 
035 |a (uuid)05f721b5-5302-4905-bd7f-4b5ccfd9c246 
035 |a urn:nbn:sk:snk-abb61b 
040 |a SNKBUCL  |b slo  |c SNKBUCL  |e AACR2 
041 0 |a cze 
044 |a xo  |c SK 
100 1 |a Matoušek, Oldřich  |4 aut  |9 377804 
245 1 0 |a Ergonomické využití algoritmizace činnosti dispečerů při projektování řídících panelů  |c Oldřich Matoušek, Zdeněk Zastávka 
700 1 |a Zastávka, Zdeněk  |4 aut  |9 1118982 
773 0 |t Bezpečná práca : dvojmesačník pre teóriu a prax bezpečnosti práce  |g Roč. 8, č. 3 (1977), s. 101-104 
954 |a odborná, vedecká literatúra cudzojazyčná (svetová)  |2 lita 
958 |a OND 
958 |a EUIPO 
958 |a article14 
999 |c 1856808  |d 1858738